Central Library OPAC University of Rajshahi

Race between food and people: (Record no. 3148)

MARC details
000 -LEADER
fixed length control field 00756cam a22002651 4500
001 - CONTROL NUMBER
control field 3148
003 - CONTROL NUMBER IDENTIFIER
rucl marc code BD-RjUL
005 - DATE AND TIME OF LATEST TRANSACTION
control field 20211208233702.0
008 - FIXED-LENGTH DATA ELEMENTS--GENERAL INFORMATION
fixed length control field s1961 nyu 001 0 eng
035 ## - SYSTEM CONTROL NUMBER
System control number (BD-RjUL)3182
System control number (OCoLC)1709940
040 ## - CATALOGING SOURCE
Original cataloging agency DLC
Transcribing agency FJ
Modifying agency DLC
Language of cataloging eng
041 ## - LANGUAGE CODE
Language code of text/sound track or separate title eng
082 ## - DEWEY DECIMAL CLASSIFICATION NUMBER
Classification number 338.19
Edition number 16
Author mark and year JOR 1961
100 1# - MAIN ENTRY--PERSONAL NAME
Personal name Joy, Charles R.
Fuller form of name (Charles Rhind),
Dates associated with a name 1885-1978.
9 (RLIN) 9965
245 10 - TITLE STATEMENT
Title Race between food and people:
Remainder of title the challenge of a hungry world /
Statement of responsibility, etc. Charles R Joy
260 ## - PUBLICATION, DISTRIBUTION, ETC. (IMPRINT)
Place of publication, distribution, etc. New York :
Name of publisher, distributor, etc. Coward McCann,
Date of publication, distribution, etc. 1961
300 ## - PHYSICAL DESCRIPTION
Pagination 121 p.
Illustrations illus.
Size 22 cm.
490 0# - SERIES STATEMENT
Series statement Challenge books
526 ## - STUDY PROGRAM INFORMATION NOTE
Requested Dept. Political Science
650 #0 - SUBJECT ADDED ENTRY--TOPICAL TERM
Topical term or geographic name as entry element Food supply.
9 (RLIN) 9966
942 ## - ADDED ENTRY ELEMENTS (KOHA)
Source of classification or shelving scheme Dewey Decimal Classification
Koha item type Books
Holdings
Lost status Source of classification or shelving scheme Damaged status Not for loan Collection code Permanent Location Current Location Shelving location Date acquired Source of acquisition Cost, normal purchase price Total Checkouts Full call number Date last seen Copy number Koha item type
  Dewey Decimal Classification     Non-fiction Central Library, University of Rajshahi Central Library, University of Rajshahi Reading Room 09/11/1965 Zeitliner 26.00   338.19 JOR 1961 18/12/2013 C-1 Books
  Dewey Decimal Classification     Non-fiction Central Library, University of Rajshahi Central Library, University of Rajshahi   09/11/1965 Zeitlinger 26.00   338.19 JOR 1961 24/12/2013 C-2 Books